00712nam a22002057a 4500003001100000005001700011008004100028020001500069040003900084041000800123082001700131100003200148245007700180260006300257300002000320650005200340942000700392952009200399999001500491LK-CoMWRAF20231010153514.0231010b2002 |||||||| |||| 00| 0 eng d a9555800695 aLK-CoMWRAFdLK-CoMWRAFeLK-CoMWRAF aeng a346.013bFAV aFavero-Karunaratna, Rossana aSudu: ba reflection on the legal status of foreign spouses in Sri Lanka aColombo: bInternational Centre for Ethnic Studies, c2002 a 60 p. ; 23 cm. aFOREIGN SPOUSES--Legal status, laws,-Sri Lanka. cBK 00104070aMAINbMAINd2023-10-10l0o346.013 FAVpRAF1706r2023-10-10w2023-10-10yBK c3833d3833